• 首页
  • 本馆介绍
  • 公告通知
  • 最新文献
  • 馆藏检索
  • 电子资源
  • 读者导购
  • 参考咨询
  • 我的图书馆
  • 登录
  • 详细信息显示
  • 放入我的书架
  • 预约/预借图书
  • 作者相关作品
  • 分类相关作品
  • 丛书相关作品
  • 出版社相关作品

书目信息

  • 表格格式
  • 工作单格式
  • 卡片格式
题名:
艺术语言的奥秘
    
 
作者: 卡-克姆 著 ;刘海乐 译
分册:  
出版信息: 北京   中国旅游出版社  2007
页数: 292页
开本: 23cm
丛书名:
单 册:
中图分类: J205.5
科图分类:
主题词: 绘画--鉴赏--西方国家
电子资源:
ISBN: 978-7-5032-3160-5
000 01156nam0 2200265 450
001 1251824947
005 20121019142430.90
010    @a978-7-5032-3160-5@dCNY49.00
100    @a20111117d2007 em y0chiy0110 ea
101 1  @achi@ceng
102    @aCN@b110000
105    @aa z 000yy
200 1  @a艺术语言的奥秘@Ayi shu yu yan de ao mi@e解码西方绘画中的符号与人物@f(英)卡-克姆(Sarah Carr-Gomm)著@g刘海乐译
210    @a北京@c中国旅游出版社@d2007
215    @a292页@c图@d23cm
312    @a封面折页英文题名:The secret language of art
330    @a本书的每章分别解读了西方艺术中特定领域的关键符号和人物,收录主要绘画作品75幅。详细介绍了那些在过去的几个世纪里为艺术家们提供灵感的现实人物与虚构人物,不仅包括宙斯、阿波罗以及居住在奥林帕斯山的其他诸神,而且还有耶稣、圣母玛利亚以及众多的使徒和圣哲。
510 1  @aSecret language of art@zeng
517 1  @a解码西方绘画中的符号与人物@Ajie ma xi fang hui hua zhong de fu hao yu ren wu
606 0  @a绘画@x鉴赏@y西方国家
690    @aJ205.5@v4
701  1 @c(英)@a卡-克姆@Aka-ke mu@bS.@gCarr-Gomm, Sarah@4著
702  0 @a刘海乐@Aliu hai le@4译
801  0 @aCN@bNLC@c20111117
905    @a10447@dJ205.5@eJY337
    
    艺术语言的奥秘:解码西方绘画中的符号与人物/(英)卡-克姆(Sarah Carr-Gomm)著/刘海乐译.-北京:中国旅游出版社,2007
    292页:图;23cm
    
    
    ISBN 978-7-5032-3160-5:CNY49.00
    本书的每章分别解读了西方艺术中特定领域的关键符号和人物,收录主要绘画作品75幅。详细介绍了那些在过去的几个世纪里为艺术家们提供灵感的现实人物与虚构人物,不仅包括宙斯、阿波罗以及居住在奥林帕斯山的其他诸神,而且还有耶稣、圣母玛利亚以及众多的使徒和圣哲。
●
相关链接 在E读中查询图书 在五车中查询图书 在当当中查询图书 在豆瓣中查询图书


正题名:艺术语言的奥秘     索取号:J205.5/JY337         预约/预借

序号 登录号 条形码 馆藏地/架位号 状态 备注
1 7833296   278332966   学院路分馆/ [索取号:J205.5/JY337] 在馆    
2 7833297   278332975   学院路分馆/ [索取号:J205.5/JY337] 在馆    
唐山师范学院图书馆 欢迎您!
大连网信软件有限公司© 版权所有